Online
Catalog

Alonso de Santa Cruz y su obra cosmográfica / (Record no. 18264)

MARC details
000 -CABECERA
campo de control de longitud fija 01213cam a2200313 a 4500
001 - NÚMERO DE CONTROL
campo de control 000018744
005 - FECHA Y HORA DE LA ÚLTIMA TRANSACCIÓN
campo de control 20200929165842.0
008 - DATOS DE LONGITUD FIJA--INFORMACIÓN GENERAL
campo de control de longitud fija 840817s1983 sp b b f000 0 spa d
020 ## - NÚMERO INTERNACIONAL ESTÁNDAR DEL LIBRO
ISBN cancelado o inválido 8400057064 (obra completa)
020 ## - NÚMERO INTERNACIONAL ESTÁNDAR DEL LIBRO
Número Internacional Estándar del Libro 8400054091 (v.1)
020 ## - NÚMERO INTERNACIONAL ESTÁNDAR DEL LIBRO
ISBN cancelado o inválido 8400057072 (v. 2)
040 ## - FUENTE DE LA CATALOGACIÓN
Centro catalogador/agencia de origen DO-SdBNP
Lengua de catalogación spa
Centro/agencia transcriptor BNPHU
082 ## - NÚMERO DE LA CLASIFICACIÓN DECIMAL DEWEY
Número de clasificación 910.9
Número de documento/Ítem C965a
100 1# - ENTRADA PRINCIPAL--NOMBRE DE PERSONA
Nombre de persona Cuesta Domingo, Mariano.
9 (RLIN) 40448
245 10 - MENCIÓN DE TÍTULO
Título Alonso de Santa Cruz y su obra cosmográfica /
Mención de responsabilidad, etc. M. Cuesta Domingo.
260 ## - PUBLICACIÓN, DISTRIBUCIÓN, ETC.
Lugar de publicación, distribución, etc. Madrid :
Nombre del editor, distribuidor, etc. Consejo Superior de Investigaciones Científicas ;
-- Instituto "Gonzalo Fernandez de Oviedo",
Fecha de publicación, distribución, etc. 1983-.
300 ## - DESCRIPCIÓN FÍSICA
Extensión v. :
Otras características físicas maps. ;
Dimensiones 24 cm.
490 1# - MENCIÓN DE SERIE
Mención de serie Tierra nueva e cielo nuevo
Designación de volumen o secuencia 8, 13
500 ## - NOTA GENERAL
Nota general La biblioteca sólo posee v.1 y v.2
500 ## - NOTA GENERAL
Nota general "Medio milenio del descubrimiento de América".
600 14 - PUNTO DE ACCESO ADICIONAL DE MATERIA--NOMBRE DE PERSONA
Nombre de persona SANTA CRUZ, ALONSO DE,
Fechas asociadas al nombre 1505-1567.
Subdivisión general CRÍTICA E INTERPRETACIÓN
9 (RLIN) 40449
650 #4 - PUNTO DE ACCESO ADICIONAL DE MATERIA--TÉRMINO DE MATERIA
Término de materia o nombre geográfico como elemento de entrada Geografía
Subdivisión general Historia
Subdivisión cronológica SIGLO XVI
9 (RLIN) 40450
650 #4 - PUNTO DE ACCESO ADICIONAL DE MATERIA--TÉRMINO DE MATERIA
Término de materia o nombre geográfico como elemento de entrada Geografía matemática
9 (RLIN) 40451
650 #4 - PUNTO DE ACCESO ADICIONAL DE MATERIA--TÉRMINO DE MATERIA
Término de materia o nombre geográfico como elemento de entrada Cosmografía
Subdivisión general Historia
Subdivisión cronológica SIGLO XVI
9 (RLIN) 40452
650 #4 - PUNTO DE ACCESO ADICIONAL DE MATERIA--TÉRMINO DE MATERIA
Término de materia o nombre geográfico como elemento de entrada Tierra
9 (RLIN) 40453
650 #4 - PUNTO DE ACCESO ADICIONAL DE MATERIA--TÉRMINO DE MATERIA
Término de materia o nombre geográfico como elemento de entrada Cartografía
9 (RLIN) 25835
830 #0 - PUNTO DE ACCESO ADICIONAL DE SERIE-TÍTULO UNIFORME
Título uniforme Tierra nueva e cielo nuevo
Número de parte o sección de la obra 8, 13
9 (RLIN) 40454
910 ## - DATOS DE OPCIÓN DEL USUARIO (OCLC)
Datos de opción del usuario Validado. Control de calidad MFF
Holdings
Estado de retiro Estado de pérdida Restricciones de uso No para préstamo Código de colección Localización permanente Ubicación/localización actual Ubicación en estantería Fecha de adquisición Número de inventario Total de préstamos Signatura topográfica completa Código de barras Fecha visto por última vez Precio válido a partir de Tipo de ítem Koha
    Préstamo interno   Monografías: Libros y Folletos General General Depósito 14.05.2010 LF1   v. 8 18744-10 25.06.2020 25.06.2020 Préstamo interno
    Préstamo interno   Monografías: Libros y Folletos General General Depósito 25.07.2013 LF1   v. 13 18744-20 25.06.2020 25.06.2020 Préstamo interno

Powered by Koha